000 00303nam a2200121Ia 4500
008 240731s9999 xx 000 0 und d
022 _a2156-8324
245 0 _aTourism Planning & Development
260 _bRoutledge
856 _uhttps://www.tandfonline.com/loi/rthp21
942 _2ddc
942 _cTFEJ
999 _c80155
_d80155
945 _a1
_bMadushi Gamage
_c1
_dMadushi Gamage